书目信息 |
| 题名: |
文学遗产
|
|
| 作者: | ;文化遗产编辑部 编 | |
| 分册: | ||
| 出版信息: | 北京 中华书局 1981.06 |
|
| 页数: | 158页 | |
| 开本: | 22cm | |
| 丛书名: | ||
| 单 册: | ||
| 中图分类: | I026 | |
| 科图分类: | ||
| 主题词: | 文学理论--基本问题 | |
| 电子资源: | ||
| ISBN: | ||
| 000 | 00670nam0 2200229 45 | |
| 001 | 0310081513 | |
| 005 | 20031219104118.8 | |
| 010 | @dCNY0.80 | |
| 091 | @a10018.481 | |
| 100 | @a20031008d1981 km y0chiy0120 ea | |
| 101 | 0 | @achi |
| 105 | @a z 000yy | |
| 200 | 1 | @a文学遗产@AWen Xue Yi Chan@e1981年第2期@E1981 Nian Di 2 Qi@f文化遗产编辑部编@FWen Hua Yi Chan Bian Ji Bu Bian |
| 205 | @a季刊 | |
| 210 | @a北京@c中华书局@d1981.06 | |
| 215 | @a158页@d22cm | |
| 517 | @a1981年第2期@A1981 Nian Di 2 Qi | |
| 606 | 0 | @a文学理论@x基本问题 |
| 690 | @aI026 | |
| 711 | 02 | @a文化遗产编辑部@4编 |
| 801 | @aCN@bTSTC@c20031008 | |
| 905 | @f10@b44391-400@dI026@e2/81@b44389@f1 | |
| 文学遗产:1981年第2期/文化遗产编辑部编.-季刊.-北京:中华书局,1981.06 |
| 158页;22cm |
| ISBN :CNY0.80 |
| ● |
| 相关链接 |
|
|
|
|
正题名:文学遗产
索取号:I026/2/81
 
预约/预借
| 序号 | 登录号 | 条形码 | 馆藏地/架位号 | 状态 | 备注 |
| 1 | 0044389 | 001672826 | 密集书库/ [索取号:I026/2/81] | 在馆 | |
| 2 | 0044391 | 001672862 | 密集书库/ [索取号:I026/2/81] | 在馆 |